000 00744nam a22002777a 4500
001 BR0906146
003 BR-BrBNA
005 20230928103110.0
007 ta
008 230509b bl.||||| |||| 00| 0 por d
040 _aBR-BrBNA
_bpor
_cBiblioteca Nacional de Agricultura
041 _a(Por)
072 _aF01; F06
_b1105
090 _ 1105 BR0906146
100 1 _aMoura, J.V. de
245 1 _aA cultura da graviola em areas irrigadas; uma nova opção
260 3 _aFortaleza, CE (Brasil):
_c1988.
300 _a42 p.
650 _aGRAVIOLA
650 _aPRÁTICA CULTURAL
650 _aPROPAGAÇÃO VEGETATIVA
650 _aMORFOLOGIA VEGETAL
650 _aIRRIGAÇÃO
909 _a202309
_bLucia
_c55
_dLucia Elande
942 _cBK
999 _c73714
_d73714